Návrh opatrení na zlepšenie spracovávania a využitia analýzy hospodárenia podniku DUSLO, a.s., Šaľa
Na minha lista:
| Autor principal: | |
|---|---|
| Outros Autores: | |
| Formato: | Manuscrito Livro |
| Idioma: | eslovaco |
| Publicado em: |
2015
|
| Assuntos: | |
| Acesso em linha: | http://is.stuba.sk/zp/portal_zp.pl?podrobnosti=110754 |
| Tags: |
Sem tags, seja o primeiro a adicionar uma tag!
|
MARC
| LEADER | 00000ntm a22000003a 4500 | ||
|---|---|---|---|
| 001 | stuzp50031 | ||
| 003 | SK-STU | ||
| 005 | 20160719153435.9 | ||
| 007 | ta | ||
| 008 | 150427s2015----xo-----f-mn---000-0-slo-d | ||
| 040 | |a STU |b slo | ||
| 041 | 0 | |a slo | |
| 100 | 1 | |a Kohút, Jozef, |d 1978- |u 064000 |4 aut |U MTF Materiálovotechnologická fakulta |T MTF Ústav priemyselného inžinierstva a manažmentu |X 7022 |U M4000 |Y 84 |7 A000007022 | |
| 242 | 0 | 1 | |a The proposal of measures to improve processing and use analyzes management of company Duslo, a.s., Šala |y eng |
| 245 | 1 | 0 | |a Návrh opatrení na zlepšenie spracovávania a využitia analýzy hospodárenia podniku DUSLO, a.s., Šaľa |
| 260 | |c 2015 | ||
| 650 | 4 | |a finančná analýza |2 slo | |
| 650 | 4 | |a finančná situácia |2 slo | |
| 650 | 4 | |a pomerové ukazovatele |2 slo | |
| 650 | 4 | |a vertikálna a horizontálna analýza |2 slo | |
| 650 | 4 | |a financial analysis |2 eng | |
| 650 | 4 | |a financial situation |2 eng | |
| 650 | 4 | |a vertical and horizontal analysis |2 eng | |
| 650 | 4 | |a ratio indicators |2 eng | |
| 700 | 1 | |a Baran, Dušan, |d 1954- |4 ths |X 1021 |7 A000001021 | |
| 856 | 4 | |u http://is.stuba.sk/zp/portal_zp.pl?podrobnosti=110754 | |
| 996 | |c M* DP-12176 |l MMSKP |s P |a 0 |w stuzp50031_0001 | ||
| SQL | |a stuzp50031 |b DDP |c SLO |d Návrh opatrení na zlepšenie spracovávania a využitia analýzy hospodárenia podniku DUSLO, a.s., Šaľa |e 7022 |f Kohút, Jozef |g 064000 |h 1021 |i Baran, Dušan |j 20150602 |k 189 |l 06 |m http://is.stuba.sk/zp/portal_zp.pl?podrobnosti=110754 |n I-PMA |o 5.2.52. priemyselné inžinierstvo | ||